| 000 | 00956nam a2200253Ia 4500 | ||
|---|---|---|---|
| 001 | dia_113 | ||
| 003 | CHAP | ||
| 005 | 20221206142211.0 | ||
| 008 | 220117s1960 xx 000 0 und d | ||
| 010 | _a170544 | ||
| 040 | _cCHAP | ||
| 082 | _aC 633.73 C34 1960 | ||
| 110 |
_aCosta Rica. Instituto Interamericano de Ciencias Agrícolas, Biblioteca Conmemorativa Orton _9147228 |
||
| 245 |
_aCafé : bibliografía de las publicaciones que se encuentran en la biblioteca del instituto / _c Instituto Interamericano de Ciencias Agrícolas |
||
| 260 |
_aTurrialba, Costa Rica : _b IICA, _c1960 |
||
| 300 | _a637 p. | ||
| 590 | _aC SB269 C34 1960 | ||
| 650 |
_aCafé _xBibliografía _917112 |
||
| 710 |
_aCosta Rica. Instituto Interamericano de Ciencias Agrícolas, Biblioteca Conmemorativa Orton _9147228 |
||
| 901 | _aC 633.73 C34 1960 | ||
| 902 | _aM | ||
| 905 | _a5232271960 cr x 8232223322spa16 | ||
| 942 |
_cLIBRO _2ddc |
||
| 999 |
_c170544 _d170544 |
||